[Event "Mondiale Lampo FIDE 2022"]
[Site "Alma Ata"]
[Date "30.12.2022"]
[Round "18.58"]
[White "Maze, Sebastien"]
[Black "Yilmaz, Mustafa"]
[Result "1-0"]
[WhiteTitle ""]
[BlackTitle ""]
[WhiteElo "2538"]
[BlackElo "2617"]
[WhiteFideId "613762"]
[BlackFideId "6302718"]
[EventDate "29.12.2022"]

1. e4 c5 2. Nf3 d6 3. Bb5+ Nd7 4. Ba4 Nf6 5. O-O e6 6. c4 Nxe4 7. Re1 Nf6 8. d4
cxd4 9. Nxd4 Be7 10. Nc3 O-O 11. Bc2 Ne5 12. b3 Ng6 13. a4 d5 14. cxd5 Nxd5 15.
Nxd5 exd5 16. Be3 Bb4 17. Bd2 Bd6 18. Nb5 Bc5 19. Qf3 a6 20. Nc3 d4 21. Ne4 Be7
22. Rad1 Be6 23. Bc3 Nh4 24. Qd3 Nf5 25. Bb2 Rc8 26. g4 Rxc2 27. Qxc2 Nh4 28.
Qe2 Qc8 29. h3 Bxb3 30. Rxd4 Be6 31. Rc1 Qb8 32. Nc5 Bxc5 33. Rxc5 b6 34. Rg5
Ng6 35. h4 Re8 36. h5 f6 37. hxg6 fxg5 38. gxh7+ Kxh7 39. Qe4+ Kg8 40. Qg6 Bf7
41. Qxg5 Re1+ 42. Kg2 Qb7+ 43. f3 Re2+ 44. Kg3 Qc7+ 45. f4 Re3+ 46. Kh4 Re8 47.
Rd7 1-0

[Event "Mondiale Lampo FIDE 2022"]
[Site "Alma Ata"]
[Date "30.12.2022"]
[Round "18.59"]
[White "Muradli, Mahammad"]
[Black "Bilguun, Sumiya"]
[Result "1-0"]
[WhiteTitle ""]
[BlackTitle ""]
[WhiteElo "2540"]
[BlackElo "2474"]
[WhiteFideId "13409301"]
[BlackFideId "4901541"]
[EventDate "29.12.2022"]

1. Nf3 c5 2. c4 g6 3. Nc3 Bg7 4. g3 Nc6 5. Bg2 d6 6. b3 e5 7. Bb2 Nge7 8. O-O
O-O 9. Ne1 Be6 10. Nc2 d5 11. cxd5 Nxd5 12. Ne3 Nde7 13. Rc1 Rc8 14. d3 b6 15.
Nc4 a6 16. e3 b5 17. Nd2 Nb4 18. Ba1 Nxd3 19. Rb1 Qc7 20. Qe2 Rfd8 21. Rfd1 f5
22. e4 f4 23. Nd5 Nxd5 24. exd5 Bxd5 25. Bh3 c4 26. bxc4 bxc4 27. Bxc8 Qxc8 28.
f3 fxg3 29. hxg3 Rf8 30. Kg2 Qg4 31. Qe3 Nf4+ 32. Kf2 Nh3+ 33. Kg2 Ng5 34. Rf1
Qh3+ 35. Kf2 Nxf3 36. Ke2 Qg4 37. Nxf3 e4 38. Bxg7 exf3+ 39. Kf2 Rd8 40. Rh1 Be4
41. Bc3 Qf5 42. Rbe1 Re8 43. Qd4 Kf7 44. Rxh7+ Ke6 45. Rxe4+ 1-0

[Event "Mondiale Lampo FIDE 2022"]
[Site "Alma Ata"]
[Date "30.12.2022"]
[Round "18.60"]
[White "Makarian, Rudik"]
[Black "Tomashevsky, Evgeny"]
[Result "1/2-1/2"]
[WhiteTitle ""]
[BlackTitle ""]
[WhiteElo "2554"]
[BlackElo "2694"]
[WhiteFideId "44105681"]
[BlackFideId "4147235"]
[EventDate "29.12.2022"]

1. f4 d5 2. d3 Nf6 3. Nf3 g6 4. g3 Bg7 5. Bg2 O-O 6. O-O c6 7. Kh1 Nbd7 8. Nc3
Nc5 9. e3 Bg4 10. Qe1 Bxf3 11. Bxf3 Qc7 12. e4 dxe4 13. dxe4 e5 14. Be3 Ne6 15.
f5 Nd4 16. Qf2 Rad8 17. g4 h6 18. h4 Nh7 19. g5 hxg5 20. hxg5 gxf5 21. exf5 Nxf5
22. Ne4 Nxe3 23. Qxe3 Qb6 24. Qe2 Qxb2 25. Rg1 Qd4 26. Rad1 Qb4 27. Rdf1 Rfe8
28. Qh2 Re6 29. Qh4 Rd4 30. c3 Qxc3 31. Qxh7+ Kxh7 32. Nxc3 Rh4+ 33. Kg2 e4 34.
Nxe4 Rhxe4 35. Bxe4+ Rxe4 36. Rxf7 Rb4 37. Rd7 Kg6 38. Re1 Bd4 39. Ree7 Kxg5 40.
Rxb7 Ra4 41. Re2 Kf6 42. Kf3 c5 43. Rh2 Ke6 44. Rbh7 Kd5 45. Rc2 Ra3+ 46. Ke2 a5
47. Rh5+ Kc6 48. Rh7 Rg3 49. Rf7 Rh3 50. Rf8 Kb5 51. Rf3 Rh1 52. Rb3+ Kc6 53.
Rf3 a4 54. Rf8 Rh3 55. Rd8 Kb5 56. Rb8+ Kc6 57. Rc8+ Kb5 58. Rb8+ Kc6 59. Rc8+
Kb5 60. Rb8+ 1/2-1/2

[Event "Mondiale Lampo FIDE 2022"]
[Site "Alma Ata"]
[Date "30.12.2022"]
[Round "18.61"]
[White "Munkhgal, Gombosuren"]
[Black "Harutyunyan, Tigran K."]
[Result "1-0"]
[WhiteTitle ""]
[BlackTitle ""]
[WhiteElo "2463"]
[BlackElo "2511"]
[WhiteFideId "4901266"]
[BlackFideId "13303635"]
[EventDate "29.12.2022"]

1. d4 Nf6 2. Bf4 d5 3. e3 e6 4. Nf3 Bd6 5. Ne5 O-O 6. Nd2 c5 7. c3 b6 8. h4 Bb7
9. h5 Nc6 10. Qf3 Bxe5 11. dxe5 Nd7 12. Qg3 Kh8 13. h6 g6 14. Nf3 f6 15. exf6
Qxf6 16. Bd3 e5 17. Bg5 Qf7 18. e4 c4 19. Bc2 d4 20. O-O b5 21. Rfe1 Rae8 22. a4
b4 23. a5 b3 24. a6 Bc8 25. Bd1 Qe6 26. Be2 Nc5 27. Bf1 Bxa6 28. Qh4 Bc8 29.
Rad1 dxc3 30. bxc3 Qg4 31. Rd5 Qxh4 32. Nxh4 Na4 33. Bd2 Be6 34. Rd6 Nb8 35. Nf3
Bg8 36. Ng5 Rd8 37. Rxd8 Rxd8 38. Be3 Nxc3 39. f4 b2 40. fxe5 Nc6 41. e6 Rd1 42.
e7 Nxe7 43. Rxd1 1-0

[Event "Mondiale Lampo FIDE 2022"]
[Site "Alma Ata"]
[Date "30.12.2022"]
[Round "18.62"]
[White "Durarbayli, Vasif"]
[Black "Zhalmakhanov, Ramazan"]
[Result "1-0"]
[WhiteTitle ""]
[BlackTitle ""]
[WhiteElo "2612"]
[BlackElo "2401"]
[WhiteFideId "13402935"]
[BlackFideId "13706357"]
[EventDate "29.12.2022"]

1. e4 c5 2. Nf3 Nc6 3. Bb5 e6 4. O-O Nge7 5. Re1 a6 6. Bf1 d5 7. exd5 Qxd5 8. a4
Nf5 9. Na3 b6 10. Nc4 Qd8 11. b3 Bb7 12. Bb2 Be7 13. Bd3 Nfd4 14. Nxd4 Nxd4 15.
Qg4 O-O 16. Re3 f5 17. Qh3 Bg5 18. Ree1 Rf6 19. Bxd4 Qxd4 20. Bf1 Bf4 21. c3 Qd8
22. Qh4 Bc7 23. d4 Rh6 24. Qxd8+ Rxd8 25. h3 cxd4 26. cxd4 Rxd4 27. Rac1 Rf6 28.
Na5 bxa5 29. Rxc7 Bd5 30. Bc4 h5 31. Rc5 Bxc4 32. bxc4 Kf7 33. Rc1 Ke7 34. Rxa5
Rd6 35. Rc5 Kd7 36. Rb1 Rf8 37. Rb7+ Kd8 38. Rxg7 f4 39. Rxh5 f3 40. gxf3 Rd4
41. Rhh7 Rd3 42. Ra7 1-0

[Event "Mondiale Lampo FIDE 2022"]
[Site "Alma Ata"]
[Date "30.12.2022"]
[Round "18.63"]
[White "Damjanovic, Vuk"]
[Black "Saraci, Nderim"]
[Result "1/2-1/2"]
[WhiteTitle ""]
[BlackTitle ""]
[WhiteElo "2361"]
[BlackElo "2468"]
[WhiteFideId "980021"]
[BlackFideId "6351921"]
[EventDate "29.12.2022"]

1. d4 d5 2. Nc3 Bf5 3. Bf4 e6 4. e3 Bd6 5. Bg3 Nf6 6. Bd3 Bg6 7. Nf3 a6 8. O-O
O-O 9. Qe2 c5 10. dxc5 Bxg3 11. hxg3 Qa5 12. e4 Qxc5 13. exd5 exd5 14. Bxg6 hxg6
15. Rad1 Nc6 16. Qd2 Rad8 17. Nd4 Ne4 18. Qd3 Nxc3 19. Qxc3 Qxc3 20. bxc3 Rd6
21. Nxc6 Rxc6 22. Rxd5 Rxc3 23. Rd2 Rfc8 24. Rb1 R8c7 25. g4 g5 26. Rb2 f6 27.
f3 Kf7 28. Re2 b5 29. Kf2 R7c5 30. Kg3 a5 31. Rd2 b4 32. Rd7+ Kg6 33. Ra7 Rd5
34. Kh3 Kh6 35. Kg3 g6 36. Ra6 Kg7 37. Ra7+ 1/2-1/2

[Event "Mondiale Lampo FIDE 2022"]
[Site "Alma Ata"]
[Date "30.12.2022"]
[Round "18.64"]
[White "Munkhdalai, Amilal"]
[Black "Dragnev, Valentin"]
[Result "0-1"]
[WhiteTitle ""]
[BlackTitle ""]
[WhiteElo "2142"]
[BlackElo "2556"]
[WhiteFideId "4903250"]
[BlackFideId "1634852"]
[EventDate "29.12.2022"]

1. e4 c6 2. Nf3 d5 3. Nc3 Bg4 4. h3 Bxf3 5. Qxf3 e6 6. d3 Nd7 7. a3 Bc5 8. Bd2
Ne7 9. g3 O-O 10. Bg2 f5 11. exd5 exd5 12. O-O Ng6 13. Na4 Bd6 14. Bb4 Qc7 15.
Bxd6 Qxd6 16. c4 d4 17. Rae1 f4 18. Qg4 Nde5 19. Qd1 f3 20. Bh1 b5 21. cxb5 cxb5
22. Qb3+ Kh8 23. Qxb5 Rfc8 24. Rc1 Qe6 25. Kh2 Qf5 26. Qa6 Rf8 27. Rce1 Nxd3 28.
Rd1 Ndf4 29. g4 Qe5 0-1

[Event "Mondiale Lampo FIDE 2022"]
[Site "Alma Ata"]
[Date "30.12.2022"]
[Round "18.65"]
[White "Khripachenko, Alexander"]
[Black "Cheng, Bobby"]
[Result "0-1"]
[WhiteTitle ""]
[BlackTitle ""]
[WhiteElo "2219"]
[BlackElo "2583"]
[WhiteFideId "54184975"]
[BlackFideId "4300033"]
[EventDate "29.12.2022"]

1. e4 g6 2. d4 Bg7 3. Nf3 d6 4. Bc4 e6 5. Qe2 Ne7 6. O-O Nd7 7. Re1 a6 8. a4 b6
9. c3 Bb7 10. Bf4 h6 11. h3 g5 12. Bh2 Ng6 13. d5 e5 14. Nfd2 h5 15. Nf1 Nf4 16.
Qe3 g4 17. Ng3 Bh6 18. Kh1 Nxg2 19. Qe2 Nxe1 20. Qxe1 Bf4 21. Nf5 Bxh2 22. Kxh2
Qg5 23. h4 Qf4+ 24. Kg2 Nf6 25. Nd2 Nxd5 26. Ng3 Ne7 27. Kg1 f5 28. Be6 fxe4 29.
Ndxe4 Ng6 30. Qe2 Nxh4 31. Qc4 Nf3+ 32. Kf1 Kd8 33. Rd1 h4 34. Nxd6 Qxc4+ 0-1

[Event "Mondiale Lampo FIDE 2022"]
[Site "Alma Ata"]
[Date "30.12.2022"]
[Round "18.66"]
[White "Svane, Frederik"]
[Black "Gurel, Ediz"]
[Result "1-0"]
[WhiteTitle ""]
[BlackTitle ""]
[WhiteElo "2568"]
[BlackElo "2454"]
[WhiteFideId "12923044"]
[BlackFideId "44507356"]
[EventDate "29.12.2022"]

1. c4 Nf6 2. Nc3 e5 3. Nf3 Nc6 4. e4 Bc5 5. Nxe5 Nxe5 6. d4 Bd6 7. dxe5 Bxe5 8.
Bd3 d6 9. O-O O-O 10. Ne2 Nd7 11. Rb1 Nc5 12. Bc2 a5 13. Be3 b6 14. b3 Bb7 15.
f3 Re8 16. Qd2 h6 17. Nc3 Ne6 18. Rbd1 Bc6 19. Nd5 a4 20. b4 a3 21. Rfe1 Ba4 22.
Bxa4 Rxa4 23. Qc2 Ra8 24. Qf2 Bb2 25. Rd3 b5 26. cxb5 Rb8 27. b6 cxb6 28. Nxb6
Qc7 29. Red1 Red8 30. g3 Qc6 31. Kg2 Qb5 32. Nd5 Qc4 33. Rb3 Rb7 34. Nb6 Qb5 35.
Rd5 Qc6 36. Rd2 Qb5 37. Rc2 Kh7 38. Nc4 Bf6 39. Nxa3 Qa4 40. Nc4 Rxb4 41. Nb6
Qb5 42. Rxb4 Qxb4 43. Nd5 Qa4 44. Nxf6+ gxf6 45. Qd2 Rb8 46. Rb2 Rxb2 47. Qxb2
Kg7 48. Qb3 Qa6 49. Kf2 Nc5 50. Bxc5 dxc5 51. a4 c4 52. Qc2 Qb6+ 53. Ke2 Qb4 54.
a5 Qxa5 55. Qxc4 Qa1 56. Qc2 Qg1 57. Kd3 Qf1+ 58. Qe2 Qb1+ 59. Qc2 Qf1+ 60. Ke3
Qe1+ 61. Kf4 Qa5 62. Kg4 Qe1 63. Kh3 Qf1+ 64. Qg2 Qb5 65. Qf2 Qd3 66. Kg2 Qb3
67. Qd2 Qc4 68. h4 Qb3 69. Qf4 Qc2+ 70. Kh3 Qb1 71. Kg4 Qb5 72. Qf5 Qc6 73. Kh5
Qe8 74. Qg4+ Kh7 75. Qf4 Qb5+ 76. Qf5+ Qxf5+ 77. exf5 Kg7 78. Kg4 Kf8 79. Kh5
Kg7 80. f4 Kh7 81. Kg4 Kg7 82. Kh5 Kh7 83. g4 Kg7 84. g5 hxg5 85. fxg5 fxg5 86.
hxg5 Kh7 87. Kg4 Kg7 88. Kh4 Kh7 89. Kg3 Kg7 90. Kf4 Kf8 91. Ke5 Ke7 92. g6 f6+
93. Kd5 1-0

[Event "Mondiale Lampo FIDE 2022"]
[Site "Alma Ata"]
[Date "30.12.2022"]
[Round "18.67"]
[White "Burmakin, Vladimir"]
[Black "Zverev, Lev"]
[Result "0-1"]
[WhiteTitle ""]
[BlackTitle ""]
[WhiteElo "2498"]
[BlackElo "2310"]
[WhiteFideId "4105109"]
[BlackFideId "24250775"]
[EventDate "29.12.2022"]

1. Nf3 Nf6 2. g3 b5 3. Bg2 Bb7 4. d3 e6 5. e4 d6 6. O-O c5 7. Re1 Be7 8. Nbd2
Nc6 9. e5 dxe5 10. Nxe5 Qc7 11. Nxc6 Bxc6 12. Bxc6+ Qxc6 13. a4 b4 14. Qf3 Nd5
15. Nc4 O-O 16. b3 Bf6 17. Bb2 Bxb2 18. Nxb2 Qc7 19. Nc4 Ne7 20. Qd1 Nc6 21. Nd2
Rfe8 22. Nf3 Rad8 23. Qd2 e5 24. Re4 Qb7 25. Qe1 f5 26. Re3 Qc7 27. Rd1 Qd6 28.
Rd2 Re7 29. h4 Rde8 30. Rde2 Nd4 31. Nxd4 cxd4 32. Rf3 g6 33. g4 e4 34. dxe4
Rxe4 35. Rxe4 Rxe4 36. Qd2 Rxg4+ 37. Kf1 Qh2 38. Qxb4 Qh1+ 39. Ke2 d3+ 0-1

[Event "Mondiale Lampo FIDE 2022"]
[Site "Alma Ata"]
[Date "30.12.2022"]
[Round "18.68"]
[White "Sankalp, Gupta"]
[Black "Ivic, Velimir"]
[Result "0-1"]
[WhiteTitle ""]
[BlackTitle ""]
[WhiteElo "2485"]
[BlackElo "2572"]
[WhiteFideId "5097010"]
[BlackFideId "950122"]
[EventDate "29.12.2022"]

1. d4 Nf6 2. Nf3 g6 3. Bg5 Bg7 4. Nbd2 O-O 5. c3 d6 6. e4 h6 7. Bh4 c5 8. dxc5
dxc5 9. Be2 Nc6 10. O-O Nh5 11. Bg3 Nxg3 12. hxg3 Qc7 13. Qc2 b6 14. a4 Bb7 15.
Rfd1 Rad8 16. Nc4 Rxd1+ 17. Rxd1 Rd8 18. Ne3 e6 19. Ng4 h5 20. Ne3 Na5 21. Rxd8+
Qxd8 22. Nc4 Nc6 23. Qc1 Ba6 24. Qf4 Qe7 25. Kf1 Bb7 26. Qd6 Bf8 27. Qd2 Qd8 28.
Qf4 Be7 29. e5 Kg7 30. Nfd2 Bg5 31. Qf3 Bxd2 32. Nd6 Nxe5 33. Nxb7 Qc7 34. Qe4
Bc1 35. f4 Nd7 36. b3 Bb2 37. c4 Nf6 38. Qf3 Bd4 39. Bd3 Ng4 40. Ke2 f5 41. Kd2
e5 42. fxe5 Bxe5 43. Kc2 Bxg3 44. Kb1 Nf6 45. Ka2 Be5 46. Be2 Qd7 47. Qd3 Qxb7 0-1

[Event "Mondiale Lampo FIDE 2022"]
[Site "Alma Ata"]
[Date "30.12.2022"]
[Round "18.69"]
[White "Aleksandrov, Aleksej"]
[Black "Ganguly, Surya Shekhar"]
[Result "0-1"]
[WhiteTitle ""]
[BlackTitle ""]
[WhiteElo "2495"]
[BlackElo "2582"]
[WhiteFideId "13500139"]
[BlackFideId "5002150"]
[EventDate "29.12.2022"]

1. Nf3 Nf6 2. e3 d5 3. c4 e6 4. b3 b6 5. Bb2 Bb7 6. Be2 Nbd7 7. O-O Bd6 8. cxd5
exd5 9. Nd4 g6 10. f4 a6 11. Bf3 Qe7 12. Nc3 Nc5 13. Qe2 Nce4 14. d3 Nxc3 15.
Bxc3 c5 16. Nc2 O-O-O 17. Qf2 h6 18. a3 Kb8 19. b4 Rhe8 20. bxc5 Bxc5 21. Rfe1
Ka7 22. Bd4 g5 23. fxg5 hxg5 24. h3 Rg8 25. Rab1 g4 26. hxg4 Nxg4 27. Bxg4 Rxg4
28. Bf6 Qd7 29. Bxd8 Qxd8 30. Nd4 Qh8 31. Qxf7 Rxd4 32. exd4 Qxd4+ 0-1

[Event "Mondiale Lampo FIDE 2022"]
[Site "Alma Ata"]
[Date "30.12.2022"]
[Round "18.70"]
[White "Puranik, Abhimanyu"]
[Black "Ansat, Aldiyar"]
[Result "1/2-1/2"]
[WhiteTitle ""]
[BlackTitle ""]
[WhiteElo "2616"]
[BlackElo "2291"]
[WhiteFideId "5061245"]
[BlackFideId "13715658"]
[EventDate "29.12.2022"]

1. Nf3 Nf6 2. g3 g6 3. b3 Bg7 4. Bb2 d6 5. d4 O-O 6. Bg2 e5 7. dxe5 Ng4 8. c4
Nc6 9. O-O Ngxe5 10. Nxe5 dxe5 11. Nc3 Be6 12. Nd5 Rb8 13. e3 Re8 14. Qc2 Ne7
15. Rfd1 Qc8 16. Ba3 Nf5 17. Bb2 c6 18. Nc3 Qc7 19. Ne4 Rbd8 20. b4 h6 21. h3
Nd6 22. Nxd6 Rxd6 23. Rxd6 Qxd6 24. c5 Qc7 25. a4 Rd8 26. b5 Qd7 27. Kh2 Qd2 28.
Rc1 Qxc2 29. Rxc2 Bb3 30. bxc6 bxc6 31. Rc1 Bxa4 32. Bc3 Bb5 33. Be4 f5 34. Bc2
e4 35. Ba5 Rd7 36. g4 Be5+ 37. Kg1 Kg7 38. Bb3 Kf6 39. Rd1 Rxd1+ 40. Bxd1 a6 41.
Kg2 Bc4 42. Ba4 Bb5 43. Bb3 Be2 44. Bd8+ Kg7 45. gxf5 gxf5 46. Be6 f4 47. exf4
Bxf4 48. Bf5 Bf3+ 49. Kf1 Bd2 50. Bd7 e3 51. fxe3 Bxe3 52. Bb6 Kf6 53. Ke1 Ke5
54. Bc8 Bg2 55. h4 Kd5 56. Bxa6 Bxc5 57. Bxc5 Kxc5 58. Kd2 Kd4 59. Bc8 c5 60.
Bf5 Be4 61. Be6 c4 62. Bg4 c3+ 63. Kc1 Ke3 64. Be6 Kf4 65. Bf7 Kg4 66. h5 Kf4
67. Bg6 Ke3 68. Bxe4 Kxe4 69. Kc2 Kd4 70. Kc1 Kd3 71. Kd1 Kc4 72. Kc2 Kd4 73.
Kc1 Ke4 74. Kc2 Kd4 75. Kc1 Ke4 76. Kc2 Kd4 77. Kc1 Kd3 78. Kd1 Ke4 79. Kc2 Kf5
80. Kxc3 Kg5 81. Kd3 Kxh5 82. Ke2 Kg4 83. Kf2 h5 84. Kg2 h4 85. Kh2 h3 86. Kg1
Kg3 1/2-1/2

[Event "Mondiale Lampo FIDE 2022"]
[Site "Alma Ata"]
[Date "30.12.2022"]
[Round "18.71"]
[White "Uskov, Artem"]
[Black "Christiansen, Johan-Sebastian"]
[Result "0-1"]
[WhiteTitle ""]
[BlackTitle ""]
[WhiteElo "2376"]
[BlackElo "2578"]
[WhiteFideId "34254854"]
[BlackFideId "1512668"]
[EventDate "29.12.2022"]

1. e4 e5 2. Nf3 Nc6 3. Bb5 f5 4. d3 fxe4 5. dxe4 Nf6 6. Bg5 Bb4+ 7. c3 Bc5 8.
O-O d6 9. Nbd2 O-O 10. b4 Bb6 11. a4 a6 12. Bc4+ Kh8 13. a5 Ba7 14. h3 Qe8 15.
Qe2 Nh5 16. Kh2 Qg6 17. Be3 Bxe3 18. Qxe3 Nf4 19. Rg1 Qh5 20. Ne1 Ne7 21. Nd3
Neg6 22. Nxf4 Nxf4 23. Rae1 Bd7 24. Be2 Qf7 25. Bd1 Qf6 26. c4 Qh6 27. Rh1 Rf6
28. Kg1 Raf8 29. Bf3 Qg6 30. Kf1 Be6 31. h4 Bg4 32. h5 Nxh5 33. Ke2 Nf4+ 34. Kf1
Bxf3 0-1

[Event "Mondiale Lampo FIDE 2022"]
[Site "Alma Ata"]
[Date "30.12.2022"]
[Round "18.72"]
[White "Isanzhulov, Arystan"]
[Black "Narayanan, Srinath"]
[Result "1-0"]
[WhiteTitle ""]
[BlackTitle ""]
[WhiteElo "2313"]
[BlackElo "2559"]
[WhiteFideId "13711644"]
[BlackFideId "5018420"]
[EventDate "29.12.2022"]

1. e4 c6 2. d4 d5 3. e5 c5 4. Nf3 cxd4 5. Qxd4 Nc6 6. Qf4 e6 7. Bd3 Nb4 8. O-O
Nxd3 9. cxd3 Ne7 10. Nc3 Ng6 11. Qg3 Be7 12. Be3 O-O 13. a3 Bd7 14. Rac1 Re8 15.
Rfd1 Rc8 16. Qg4 b6 17. Re1 f5 18. Qh5 f4 19. Bd2 Rf8 20. Ne2 Rf5 21. Qg4 Nxe5
22. Nxe5 Rxe5 23. Nxf4 Rxe1+ 24. Rxe1 e5 25. Qe2 exf4 26. Qxe7 Qxe7 27. Rxe7 Bf5
28. h4 f3 29. Bc3 fxg2 30. Rxg7+ Kf8 31. Rxa7 Bxd3 32. Kxg2 Rc6 33. f3 Rg6+ 34.
Kf2 Re6 35. Rd7 Re2+ 36. Kg3 Bc4 37. Rxh7 Re3 38. Kf4 Re6 39. Rb7 Rc6 40. h5 Bd3
41. h6 Ke8 42. h7 Bxh7 43. Rxh7 1-0

[Event "Mondiale Lampo FIDE 2022"]
[Site "Alma Ata"]
[Date "30.12.2022"]
[Round "18.73"]
[White "Harsha, Bharathakoti"]
[Black "Suyarov, Mukhammadzokhid"]
[Result "1-0"]
[WhiteTitle ""]
[BlackTitle ""]
[WhiteElo "2593"]
[BlackElo "2299"]
[WhiteFideId "5078776"]
[BlackFideId "14210495"]
[EventDate "29.12.2022"]

1. d4 e6 2. Nf3 Nf6 3. c4 b6 4. a3 Bb7 5. Bf4 Be7 6. e3 O-O 7. Nc3 Ne4 8. Nxe4
Bxe4 9. Be2 d6 10. O-O Nd7 11. Nd2 Bb7 12. Bg3 Bh4 13. Qc2 Bxg3 14. hxg3 f5 15.
Bf3 Bxf3 16. gxf3 Rf6 17. Kg2 Rg6 18. d5 Qf6 19. dxe6 Qxe6 20. Nb3 Rf8 21. Nd4
Qf7 22. f4 c5 23. Nf3 Rf6 24. Rad1 Re8 25. Rd5 h6 26. Rfd1 Ree6 27. Qa4 Nf8 28.
Qc6 Qd7 29. Qxd7 Nxd7 30. Nh2 b5 31. cxb5 Nb6 32. R5d3 Rg6 33. b3 Kf7 34. a4 Ke7
35. Nf3 Kd7 36. a5 Nc8 37. Rd5 Kc7 38. Rxf5 Rgf6 39. Rxf6 Rxf6 40. e4 Re6 41. e5
dxe5 42. Nxe5 Nd6 43. b6+ axb6 44. axb6+ Kxb6 45. Rxd6+ Rxd6 46. Nc4+ Kc6 47.
Nxd6 Kxd6 48. Kf3 Kc6 49. Ke4 Kb5 50. Kd5 h5 51. f5 Kb4 52. Kd6 Kxb3 53. Kxc5
Kc3 54. Kd5 Kd3 55. Ke6 Ke2 56. Kf7 Kxf2 57. Kxg7 Kxg3 58. f6 h4 59. f7 h3 60.
f8=Q 1-0

[Event "Mondiale Lampo FIDE 2022"]
[Site "Alma Ata"]
[Date "30.12.2022"]
[Round "18.74"]
[White "Arjun, Kalyan"]
[Black "Mamatov, Melis"]
[Result "1-0"]
[WhiteTitle ""]
[BlackTitle ""]
[WhiteElo "2505"]
[BlackElo "2399"]
[WhiteFideId "35018701"]
[BlackFideId "13800027"]
[EventDate "29.12.2022"]

1. e4 c5 2. Nf3 d6 3. d4 cxd4 4. Nxd4 Nf6 5. Nc3 e5 6. Bb5+ Nbd7 7. Nf5 a6 8.
Bxd7+ Qxd7 9. Bg5 Nxe4 10. Nxe4 Qxf5 11. Qd5 Be6 12. Qxb7 Rc8 13. Be3 d5 14. Ng3
Qxc2 15. Rc1 Qxc1+ 16. Bxc1 Rxc1+ 17. Kd2 Rxh1 18. Nxh1 Be7 19. Qc6+ Bd7 20.
Qa8+ Bd8 21. Qxd5 Bg5+ 22. Ke1 Be6 23. Qxe5 Bf6 24. Qb8+ Bd8 25. Qd6 Be7 26.
Qc6+ Bd7 27. Qa8+ Bd8 28. Qe4+ Be6 29. Qa4+ Bd7 30. Qd4 Bf6 31. Qd6 Be7 32. Qc7
Bd8 33. Qb7 Be6 34. Ng3 O-O 35. f4 Bf6 36. Ne4 Bd4 37. Ng5 Bxa2 38. Qe4 g6 39.
Qxd4 Re8+ 40. Kf2 h6 41. Ne4 Kh7 42. Nf6+ 1-0

[Event "Mondiale Lampo FIDE 2022"]
[Site "Alma Ata"]
[Date "30.12.2022"]
[Round "18.75"]
[White "Kazakov, Konstantin"]
[Black "Utegaliyev, Azamat"]
[Result "1/2-1/2"]
[WhiteTitle ""]
[WhiteElo "2385"]
[BlackElo "2445"]
[WhiteFideId "13700898"]
[BlackFideId "13702467"]
[EventDate "29.12.2022"]

1. d4 Nf6 2. Nc3 d5 3. Bf4 c6 4. e3 Qb6 5. Rb1 g6 6. h3 Bg7 7. Nf3 O-O 8. Be2
Nbd7 9. O-O a5 10. a3 a4 11. Bh2 Qa5 12. Re1 Re8 13. Bd3 e6 14. e4 dxe4 15. Nxe4
Nxe4 16. Bxe4 Nf6 17. Bd3 Nd7 18. c3 b6 19. Nd2 Ba6 20. Nc4 Bxc4 21. Bxc4 b5 22.
Bf1 Nb6 23. Qf3 Nd5 24. h4 Qd8 25. h5 Qg5 26. hxg6 hxg6 27. Re4 Rac8 28. Rbe1
Qf6 29. Qh3 Qf5 30. Qg3 Qf6 31. Rh4 Ne7 32. Rf4 Nf5 33. Qh3 Qe7 34. Bd3 Qd7 35.
Rfe4 c5 36. dxc5 Rxc5 37. Qf3 Rd8 38. Bf1 Rd5 39. Rb4 Bf8 40. Rbe4 Rd2 41. R4e2
Rxe2 42. Qxe2 Qd2 43. Rb1 Bc5 44. g4 Nh4 45. Bg3 g5 46. Qxd2 Rxd2 47. Bxb5 f5
48. gxf5 Nxf5 49. Kg2 g4 50. Bxa4 Bxf2 51. Bxf2 g3 52. Bb5 Rxf2+ 53. Kh3 Rh2+
54. Kg4 g2 55. Rg1 Rh1 56. Rxg2 Ne3+ 57. Kf3+ Nxg2 58. Kxg2 Rc1 59. Bd3 Rd1 60.
Bc4 Rd2+ 61. Kf3 Kf7 62. b3 Rc2 63. Ke3 Rxc3+ 64. Kd4 Rc1 65. a4 Ke7 66. Kc5 e5
67. a5 e4 68. Kd4 Ra1 69. a6 Kd6 70. Kxe4 Kc5 71. Ke5 Kb4 72. Kd6 Rxa6+ 73. Bxa6
Kxb3 1/2-1/2

[Event "Mondiale Lampo FIDE 2022"]
[Site "Alma Ata"]
[Date "30.12.2022"]
[Round "18.76"]
[White "Kostenko, Petr"]
[Black "Sapenov, Daniyal"]
[Result "1-0"]
[WhiteTitle ""]
[BlackTitle ""]
[WhiteElo "2374"]
[BlackElo "2323"]
[WhiteFideId "13700669"]
[BlackFideId "13728911"]
[EventDate "29.12.2022"]

1. c4 e5 2. Nf3 e4 3. Nd4 Nf6 4. Nc3 Bb4 5. Qb3 Bxc3 6. Qxc3 O-O 7. b3 d5 8. c5
b6 9. Ba3 Re8 10. e3 bxc5 11. Bxc5 Nfd7 12. Rc1 Nxc5 13. Qxc5 Na6 14. Qc6 Rb8
15. Bxa6 Rb6 16. Qxc7 Bxa6 17. Qxd8 Rxd8 18. f3 Bd3 19. Kf2 g6 20. Rc5 Ra6 21.
a4 Rb6 22. Rhc1 h5 23. h4 a6 24. Kg3 Rdb8 25. Rc8+ Kg7 26. Rxb8 Rxb8 27. Rc6 Rd8
28. Kf4 Re8 29. Rd6 Rc8 30. Rxd5 exf3 31. gxf3 Rc1 32. Ne6+ fxe6 33. Rxd3 Kf6
34. Rd6 Rb1 35. Rb6 Rh1 36. Kg3 Rg1+ 37. Kf2 Rb1 38. f4 Kf5 39. a5 Rb2 40. Kf3
Kf6 41. b4 Rb1 42. d4 Rb3 43. d5 Kf5 44. dxe6 1-0

[Event "Mondiale Lampo FIDE 2022"]
[Site "Alma Ata"]
[Date "30.12.2022"]
[Round "18.77"]
[White "Tsaruk, Maksim"]
[Black "Degenbaev, Aziz"]
[Result "1-0"]
[WhiteTitle ""]
[WhiteElo "2373"]
[BlackElo "2139"]
[WhiteFideId "13511173"]
[BlackFideId "13802640"]
[EventDate "29.12.2022"]

1. e4 e6 2. d4 d5 3. Nd2 Nc6 4. Ngf3 Nf6 5. e5 Nd7 6. Bd3 Nb4 7. Be2 c5 8. c3
Nc6 9. O-O Be7 10. Re1 O-O 11. Nf1 f6 12. exf6 Nxf6 13. Bd3 Bd6 14. Ng3 Qc7 15.
Bg5 h6 16. Be3 b6 17. Nh4 Bd7 18. Ng6 Rfe8 19. f4 cxd4 20. cxd4 Nb4 21. Rc1 Qb7
22. Bb1 Rac8 23. a3 Nc6 24. Ne5 Re7 25. Nh5 Be8 26. Nxf6+ gxf6 27. Qg4+ Kh8 28.
Ng6+ Bxg6 29. Qxg6 f5 30. Qxh6+ Kg8 31. Bxf5 exf5 32. Qxd6 Rd7 33. Qg6+ Rg7 34.
Qxf5 Rd8 35. Qe6+ 1-0